00744nam a22001931a 4500020001800000082001700018100003100035245006800066250000900134260008100143300001000224650003300234650002500267650001600292942000700308999001900315952010800334952010800442 a9788193036846 aM09bULL/K.2 aUlloor S Parameswara Iyer  aKerala sahithya charithram (v.2)/cby Ulloor S Parameswara Iyer a6th. aThiruvananthapuram:bDepartment of Publication, University of Kerala,c2015. a979p. aLiterature Malayalam History aLiterature Malayalam aLiterature  cBK c181938d181938 00104070aSSUSbSSUScREFd2026-06-02g1000.00l0oR M09 ULL/K.2p109110r2026-06-02w2026-06-02yREF 00104070aSSUSbSSUScREFd2026-06-02g1000.00l0oR M09 ULL/K.2p109953r2026-06-02w2026-06-02yREF